000 01062nam a2200313Ia 4500
003 OSt
005 20221007122449.0
006 a|||||r|||| 00| 0
007 ta
008 221006b |||||||| |||| 00| 0 eng d
020 _a9781402095948 (hbd)
024 _a99720
037 _b964, 10/03/2010, Ashutosh Technical Books
_cTextbook
040 _aPAPL
_cPAPL
_beng
041 _2eng
_aeng
082 _aB217, P9 Carpa
100 _aSteinbach Bernd
_9714418
245 0 _aLogic functions and equations
_b Posthoff Christian
260 _aBerlin
_bSpringer Verlag
_c2009
300 _axxii, 231p.
_ccm.
500 _aReferences 227-228p.; Index 229-231p.
650 _a Logic equations
_9714419
650 _a Logic symbolic and mathematics
_9714420
650 _a Theory of logic programming
_9714421
650 _aPhysics
700 _a Posthoff Christian
_9714422
942 _hB217, P9 Carpa
_cTB
_2CC
999 _c1210383
_d1210383